| 000 | 00579nam a2200157 a 4500 | ||
|---|---|---|---|
| 001 | 000028071 | ||
| 005 | 20240306185038.0 | ||
| 008 | 110511s1985 dr d 000 0 spa d | ||
| 040 |
_aDO-SdBNP _bspa _cBNPHU |
||
| 082 |
_axxx _bxxx |
||
| 245 | 1 | 0 |
_aSeguro médico para maestro : _bguía de orientación para maestro usuario del SEMMA. |
| 260 |
_aSanto Domingo : _bSecretaría de Estado de Educación, _c1985. |
||
| 300 |
_a22 p. : ; _c24 cm. |
||
| 700 | 1 |
_aMelo de Cardona, Ligia Amada _927174 |
|
| 710 |
_aSecretaría de Estado de Educación y Cultura, (República Dominicana) _955093 |
||
| 999 |
_c27563 _d27563 |
||